[Event "Padova Weekend op-B 8th"]
[Site "Padova"]
[Date "2005.12.18"]
[Round "5.14"]
[White "Menini, Luca"]
[Black "Busi, Massimo"]
[Result "1/2-1/2"]
[WhiteElo "1652"]
[BlackElo "1849"]
[PlyCount "69"]
[EventDate "2005.12.10"]
[EventType "swiss"]
[EventRounds "6"]
[EventCountry "ITA"]
[SourceTitle "EXT 2024"]
[Source "ChessBase"]
[SourceDate "2023.10.10"]
[SourceVersion "1"]
[SourceVersionDate "2023.10.10"]
[SourceQuality "1"]

1. d4 d5 2. c4 e5 3. dxe5 d4 4. g3 Nc6 5. Nf3 Bg4 6. Bg2 Qd7 7. Qb3 0-0-0 8. 0-0 Na5 9. Qd3 Bf5 10. e4 dxe3 11. Qxe3 Kb8 12. Nbd2 Bd3 13. e6 Qxe6 14. Qxe6 fxe6 15. Re1 Nxc4 16. Nxc4 Bxc4 17. Ne5 Bd5 18. Nf7 Bb4 19. Nxd8 Nf6 20. Nf7 Rf8 21. Rd1 Rxf7 22. Bg5 c6 23. Bxf6 gxf6 24. a3 Bd6 25. Bxd5 cxd5 26. Rac1 Bc7 27. Rc2 a6 28. Re2 Rd7 29. Rxe6 Be5 30. Rd2 Bc7 31. Rxf6 Ka7 32. Rf5 d4 33. Rd3 Bb6 34. Kg2 Rc7 35. Rff3 1/2-1/2

[Event "Alta Padovana op 5th"]
[Site "Loreggia"]
[Date "2005.02.27"]
[Round "5"]
[White "Fragni, Enrico"]
[Black "Busi, Massimo"]
[Result "1/2-1/2"]
[WhiteElo "1898"]
[BlackElo "1820"]
[PlyCount "94"]
[EventDate "2005.02.25"]
[EventType "swiss"]
[EventRounds "5"]
[EventCountry "ITA"]
[SourceTitle "EXT 2007"]
[Source "ChessBase"]
[SourceDate "2006.11.23"]
[SourceVersion "1"]
[SourceVersionDate "2006.11.23"]
[SourceQuality "1"]

1. Nf3 g6 2. d4 Bg7 3. Bf4 d6 4. e3 Nc6 5. Nbd2 e5 6. dxe5 dxe5 7. Bg3 Bg4 8. Be2 Nh6 9. 0-0 0-0 10. c3 Qe7 11. Qc2 Nf5 12. Ne4 Nxg3 13. Nxg3 Rad8 14. Rad1 Kh8 15. e4 a6 16. h3 Be6 17. Rxd8 Rxd8 18. Rd1 Rxd1+ 19. Bxd1 f6 20. b3 Qd6 21. Qd2 Kg8 22. Bc2 Kf7 23. Kf1 Ke7 24. Ke2 Qxd2+ 25. Nxd2 Kd6 26. Bd3 b5 27. Ngf1 Ne7 28. Ne3 f5 29. exf5 gxf5 30. f3 h5 31. c4 c6 32. cxb5 axb5 33. g4 hxg4 34. hxg4 e4 35. fxe4 fxg4 36. Kf2 Be5 37. Be2 Bd4 38. Ndf1 Ke5 39. Kg3 Kxe4 40. Nxg4 Bxg4 41. Kxg4 Bb6 42. Kg3 Kd4 43. Kf3 Kc3 44. a4 bxa4 45. bxa4 Kb4 46. Bd1 c5 47. Ke2 c4 1/2-1/2

[Event "Campodarsego op 16th"]
[Site "Campodarsego"]
[Date "2005.01.22"]
[Round "2"]
[White "Stafie, Constantin"]
[Black "Busi, Massimo"]
[Result "1-0"]
[WhiteElo "2100"]
[BlackElo "1820"]
[PlyCount "108"]
[EventDate "2005.01.21"]
[EventType "swiss"]
[EventRounds "5"]
[EventCountry "ITA"]
[SourceTitle "EXT 2007"]
[Source "ChessBase"]
[SourceDate "2006.11.23"]
[SourceVersion "1"]
[SourceVersionDate "2006.11.23"]
[SourceQuality "1"]

1. e4 e6 2. d4 d5 3. Nd2 Nf6 4. e5 Nfd7 5. c3 c5 6. Bd3 Nc6 7. Ne2 Qb6 8. Nf3 f6 9. exf6 Nxf6 10. 0-0 Bd7 11. a4 c4 12. Bc2 Bd6 13. Ng5 Ne7 14. a5 Qc7 15. g3 h6 16. Nf3 Nh5 17. Re1 0-0 18. Ne5 Be8 19. Nf4 Nxf4 20. Bxf4 Nf5 21. Qg4 Qe7 22. h4 Qf6 23. Re2 Rd8 24. h5 Bxe5 25. Rxe5 Qf7 26. Rae1 Qxh5 27. Qxh5 Bxh5 28. Rxe6 Nh4 29. R1e3 Bg4 30. Rd6 Nf5 31. Rxd8 Rxd8 32. Re5 g6 33. Kg2 Ng7 34. Bxg6 Rd6 35. Bc2 Kf7 36. f3 Be6 37. Bxh6 Ne8 38. b3 cxb3 39. Bxb3 Nc7 40. Bd2 Ra6 41. Rh5 Kg6 42. g4 Rxa5 43. Bf4 Rb5 44. Bc2+ Kf7 45. Kg3 Ne8 46. Rh7+ Kg8 47. Be5 Kf8 48. Bg6 Bg8 49. Rh8 a5 50. Bh7 Ke7 51. Rxg8 a4 52. Bg6 Nd6 53. Ra8 Rb3 54. Rxa4 Rxc3 1-0

[Event "Campodarsego op 16th"]
[Site "Campodarsego"]
[Date "2005.01.21"]
[Round "1"]
[White "Busi, Massimo"]
[Black "Quaranta, Cristiano"]
[Result "1-0"]
[WhiteElo "1820"]
[BlackElo "2072"]
[PlyCount "144"]
[EventDate "2005.01.21"]
[EventType "swiss"]
[EventRounds "5"]
[EventCountry "ITA"]
[SourceTitle "EXT 2007"]
[Source "ChessBase"]
[SourceDate "2006.11.23"]
[SourceVersion "1"]
[SourceVersionDate "2006.11.23"]
[SourceQuality "1"]

1. e4 c5 2. d4 cxd4 3. c3 d3 4. Bxd3 Nc6 5. c4 g6 6. Nc3 Bg7 7. Nf3 d6 8. h3 Nf6 9. 0-0 0-0 10. Be3 b6 11. Rc1 Bb7 12. Qe2 Rc8 13. Rfd1 Qc7 14. Nd5 Qb8 15. Nc3 Qa8 16. Bf4 Nh5 17. Be3 Ne5 18. Nxe5 Bxe5 19. Bh6 Rfe8 20. b3 e6 21. Bb1 f5 22. Bg5 d5 23. exd5 exd5 24. Qf1 dxc4 25. bxc4 Nf4 26. Bxf4 Bxf4 27. Rc2 Qb8 28. Nd5 Be5 29. a3 Rc5 30. Rcd2 Kg7 31. Ba2 Bc6 32. Bb3 Ra5 33. Ra2 Bd6 34. Nb4 Be4 35. f3 Bb7 36. Qd3 Bc5+ 37. Kh1 Qe5 38. Nc2 Bf2 39. Nd4 Qe3 40. Nb5 Qxd3 41. Rxd3 Bg3 42. Ra1 Re7 43. a4 a6 44. Nc3 Rae5 45. Rf1 Re3 46. Bc2 Rxd3 47. Bxd3 Re1 48. Nd5 Rxf1+ 49. Bxf1 Bf2 50. Kh2 Kf7 51. g3 Bc5 52. Kg2 Bc6 53. Nc7 Bb7 54. Bd3 Ke7 55. Nd5+ Ke6 56. Nf4+ Ke5 57. Ne2 Bc6 58. Bc2 Be3 59. g4 f4 60. h4 Kd6 61. Nc3 Kc5 62. Nd5 Bxd5 63. cxd5 Kxd5 64. Bd3 b5 65. axb5 a5 66. h5 gxh5 67. Bxh7 hxg4 68. fxg4 Kc4 69. b6 Bxb6 70. Kf3 Be3 71. g5 Kd5 72. g6 Ke6 1-0

[Event "Padova op-B 3rd"]
[Site "Padova"]
[Date "2000.12.10"]
[Round "6.6"]
[White "Busi, Massimo"]
[Black "Ravagnani, Tiziano"]
[Result "0-1"]
[WhiteElo "1672"]
[BlackElo "1833"]
[PlyCount "80"]
[EventDate "2000.12.02"]
[EventType "swiss"]
[EventRounds "6"]
[EventCountry "ITA"]
[SourceTitle "EXT 2024"]
[Source "ChessBase"]
[SourceDate "2023.10.10"]
[SourceVersion "1"]
[SourceVersionDate "2023.10.10"]
[SourceQuality "1"]

1. e4 c5 2. d4 b6 3. Nf3 Bb7 4. Bc4 Nf6 5. e5 Ne4 6. d5 b5 7. Be2 Qa5+ 8. c3 e6 9. d6 f5 10. 0-0 Nc6 11. Bf4 Rg8 12. h4 h6 13. Nbd2 g5 14. Nxe4 fxe4 15. hxg5 exf3 16. Bxf3 hxg5 17. Bh5+ Kd8 18. Bg3 Kc8 19. Qd3 Qd8 20. Qh7 Rg7 21. Qh8 Ne7 22. dxe7 Qxe7 23. Qh6 Rh7 24. Qg6 Kc7 25. Be2 Rh6 26. Qc2 Bg7 27. f3 c4 28. Qd2 Rah8 29. Qd4 Bf8 30. Kf2 Qh7 31. Rad1 Kc6 32. f4 Bc5 33. Bf3+ Kb6 34. Qxc5+ Kxc5 35. Bxb7 d5 36. exd6 Qxb7 37. Rfe1 gxf4 38. Re5+ Kb6 39. Bxf4 Rf6 40. Rd4 Rh2 0-1

[Event "Padova op-B 3rd"]
[Site "Padova"]
[Date "2000.12.03"]
[Round "3.15"]
[White "Sedani, Elisa"]
[Black "Busi, Massimo"]
[Result "0-1"]
[WhiteElo "1533"]
[BlackElo "1672"]
[PlyCount "61"]
[EventDate "2000.12.02"]
[EventType "swiss"]
[EventRounds "6"]
[EventCountry "ITA"]
[SourceTitle "EXT 2024"]
[Source "ChessBase"]
[SourceDate "2023.10.10"]
[SourceVersion "1"]
[SourceVersionDate "2023.10.10"]
[SourceQuality "1"]

1. e4 e5 2. Nf3 Nf6 3. Nc3 Bb4 4. Bc4 Bxc3 5. dxc3 d6 6. Bg5 0-0 7. Bd3 Bg4 8. Qd2 Nbd7 9. h3 Bh5 10. g4 Bg6 11. Nh4 Qe8 12. f3 Qe6 13. Nf5 d5 14. Bxf6 Nxf6 15. g5 Nh5 16. exd5 Qd7 17. Ne3 Rae8 18. 0-0-0 e4 19. fxe4 Bxe4 20. Bxe4 Rxe4 21. Ng4 Rfe8 22. Nf6+ gxf6 23. gxf6 Qf5 24. Rhg1+ Kh8 25. Rdf1 Nf4 26. Rg4 Nd3+ 27. Qxd3 Re1+ 28. Kd2 Rxf1 29. Qxf5 Rxf5 30. Kd3 Rxd5+ 31. Kc4 0-1